000 00391nam a2200145Ia 4500
008 230917s9999||||xx |||||||||||||| ||und||
040 _e182667
_aMAIN
041 _aEnglish
082 _a822.33 S15H
100 _aHeims, Neil, ed.
245 0 _aHarold Bloom's Shakespeare through the ages: Henry IV. Pt. 1
260 _aNew Delhi
_bViva Books
_c2010
300 _axi, 316 p.
942 _cBK
999 _c151264
_d151264